BSOP header

Yeshua : (Record no. 5916)

MARC details
000 -LEADER
fixed length control field 00448nam a2200145 4500
008 - FIXED-LENGTH DATA ELEMENTS--GENERAL INFORMATION
fixed length control field 020207s1988 us engYA
020 ## - INTERNATIONAL STANDARD BOOK NUMBER
International Standard Book Number 1556121822
090 ## - LOCALLY ASSIGNED LC-TYPE CALL NUMBER (OCLC); LOCAL CALL NUMBER (OCLC)
Classification number (OCLC) (R) ; Classification number, CALL (RLIN) (NR) BM620
Local cutter number (OCLC) ; Book number/undivided call number, CALL (RLIN) Sw5
100 1# - MAIN ENTRY--PERSONAL NAME
Personal name Swidler, Leonard
245 10 - TITLE STATEMENT
Title Yeshua :
Remainder of title a model for moderns /
Statement of responsibility, etc Leonard Swidler.
260 ## - PUBLICATION, DISTRIBUTION, ETC. (IMPRINT)
Place of publication, distribution, etc Kansas City :
Name of publisher, distributor, etc Sheed & Ward,
Date of publication, distribution, etc c1988 .
300 ## - PHYSICAL DESCRIPTION
Extent vi, 112 p.
650 #4 - SUBJECT ADDED ENTRY--TOPICAL TERM
Topical term or geographic name as entry element Jesus Christ
General subdivision Jewishness.
951 ## - EQUIVALENCE OR CROSS-REFERENCE-GEOGRAPHIC NAME/AREA NAME [OBSOLETE] [CAN/MARC only]
-- 24455
-- BM620/Sw5
-- 070613111042796
-- 2000-12-21
-- GC
Holdings
Withdrawn status Lost status Damaged status Not for loan Home library Current library Shelving location Date acquired Accession number Shelving control number Total Checkouts Full call number Date last seen Price effective from Koha item type
        BSOP Library BSOP Library GC 12/21/2000 24455 127   BM620/Sw5 02/23/2013 02/23/2013 Books
BSOP

Biblical Seminary of the Philippines
  All rights Reserved
  © 2024

CONTACT INFORMATION

Biblical Seminary of the Philippines,
  77-B Karuhatan Road, Valenzuela City,
  PHILIPPINES 1441
  Phone: +632 8292-6795 / 8292-6798
  Fax : +632 8292-6675
  Email: library@bsop.edu.ph